| 000 | 00932nam a2200325 a 4500 | ||
|---|---|---|---|
| 003 | AR-BaBNM | ||
| 005 | 20251128205652.0 | ||
| 008 | 082120s2002 ||||||||||||||000 | spa|| | ||
| 020 | _a84-7738-177-1 | ||
| 040 | _cAR-BaBNM | ||
| 100 | 1 | _aPuyol Antolín, Rafael | |
| 245 | 0 | 0 | _aLos grandes problemas actuales de la población |
| 260 |
_aMadrid _bSíntesis _c1993 |
||
| 300 |
_a235 p. _btablas, gráfs. |
||
| 490 | 0 |
_aEspacios y sociedades _vv. 8 |
|
| 504 | _aBibliografía p. 231-235 | ||
| 650 | 4 | _aMIGRACION DE PERSONAS | |
| 650 | 4 | _aPOLITICA DE MIGRACION | |
| 650 | 4 | _aCRECIMIENTO DEMOGRAFICO | |
| 650 | 4 | _aINMIGRACION | |
| 650 | 4 | _aCIUDADES | |
| 650 | 4 | _aDESARROLLO URBANO | |
| 650 | 4 | _aURBANIZACION | |
| 700 | 1 | _aVinuesa Angulo, Julio | |
| 700 | 1 | _aAbelán García, Antonio | |
| 800 | 1 |
_aVinuesa Angulo, Julio _edirector |
|
| 800 | 1 |
_aPuyol Antolín, Rafael _edirector |
|
| 942 | _cBK | ||
| 998 | _cMariana | ||
| 999 |
_c12327 _d12327 |
||